The Vampire Diaries Quiz Season 1-5 - Statistics

General Stats
  • This quiz has been taken 947 times
  • The average score is 9 of 15
Answer Stats
Hint Answer % Correct
Who is Elena Gilbert destined to fall in love with? stefan
98%
Who escorts Elena to the Miss Mystic Falls? damon
96%
True of False: Stefan and Damon Salvatore are the remaining Salvatores false
95%
True or False: Lexi and Damon slept together true
93%
Who is Silas true love amara
91%
Who gets to take cure katherine
82%
Katherine's daughter name Nadia
81%
Jeremy is a.... hunter
69%
What vampire line does the Salvatore brothers descend from? Klaus
69%
What decade were Klaus and Stefan close 1920
49%
How old is Amara 2000+
31%
Who is grams? bonnie's grandmother
29%
I'm like a supernatural ___" madonna
9%
When is Elena's birthday? June 22nd
7%
Who was the first person Damon turned into a vampire? vicki donovan
7%
No matching quizzes found
Score Distribution
Percent of People with Each Score
Percentile by Number Answered
Your Score History
You have not taken this quiz